Statistiques concernant Créatures fantastiques par définition #4

Cliquez ici pour prendre le quiz!

Statistiques générales

  • Ce quiz a été pris 64 fois
  • Le résultat moyen est 8 sur 15

Statistiques - réponses

Indice Créature % Correct
Humain qui a la capacité de se transformer, partiellement ou complètement, en loup, ou en créature proche du loup.Lycanthrope / Loup-garou
100%
Oiseau légendaire, doué d'une grande longévité et caractérisé par son pouvoir de renaître après s'être consumé dans les flammes.Phénix / Phœnix
88%
Personnage folklorique, archétypal et mythique lié à la fête de Noël.Père Noël
86%
Apparition, une vision ou une illusion, interprétée comme une manifestation surnaturelle d'une personne décédée.Fantôme
84%
Personnage fabuleux qui laisse tomber du sable sur les yeux des gens pour les endormir.Marchand de sable
83%
Dans la mythologie grecque, créatures fantastiques malfaisantes dont le regard a le pouvoir de pétrifier les personnes qui les regardent.Gorgone
66%
Être de la mythologie nordique, souvent représenté sous l'archétype moderne d'un géant de grande force, naïf ou malfaisant.Troll
59%
Être surnaturel souvent malfaisant, doué de raison, émanant de lieux ou de personnes et censé pouvoir influencer les esprits des humains ou les lieux qu'ils traversent. Habitants des Enfers.Démon
50%
Démon qui prend la forme d'une femme pour séduire un homme durant son sommeil et ses rêves.Succube
47%
Originellement des divinités mineures de la nature et de la fertilité, leur figure est reprise plus tard dans la littérature et la fantasy.Elfe
45%
Créature fantastique populaire d'Amérique latine, décrite avec deux trous pour les narines, des crocs saillants et sans poils.Chupacabra
34%
Humanoïdes aux mœurs barbares, ils possèdent un teint à dominante verdâtre, et présentent des physionomies bestiales.Orc / Orque
33%
Animal fabuleux et imaginaire, qui possède une tête de coq, des ailes de chauve-souris et un corps de serpent ou de coq.Cocatrix / Coquatrix / Caucatrix / Cocatrice
21%
Créature du folklore japonais, de forme humanoïde, d'une taille gigantesque, avec des griffes acérées et deux cornes protubérantes poussant sur leur front, des poils ébouriffés et un aspect hideux.Oni
17%
Personnage fictif maléfique de la culture du Québec qui enlève des enfants.Bonhomme Sept Heures
5%

Distribution des résultats

Percentile par nombre de réponses

% des personnes avec chaque résultat

Votre développement - résultats

Vous n’avez pas pris ce quiz